| 000 | 00369nam a2200133Ia 4500 | ||
|---|---|---|---|
| 008 | 180901s9999 xx 000 0 und d | ||
| 020 | _a978971989807025 | ||
| 100 | _aRathus,Spencer A. | ||
| 245 |
_cSpencer A. Rathus.-- _aPsychology / |
||
| 250 | _aPhilippine ed | ||
| 260 |
_aQuezon City : _bC & E Publishing _c2017 |
||
| 300 | _av, 294 pages. | ||
| 650 | _aPsychology. | ||
| 999 |
_c358468 _d358468 |
||